00535nam a2200205 a 4500001001300000003000900013005001700022008004100039020001000080082001500090100002400105245004200129260004700171300000900218500003500227505001000262650001700272650001600289700002400305nice12345678IN_TiNIC20260116011431.0050524s1928 pata grp 000 0 eng  ac10000a275.1bBUD aBudge, E A Williams aMonks of Kublai Khan Emperor of China aPaternosterbReligioud Tract Societyc1928 a335p aincludes index and biblioraphy2 aIndex aChurch-China aKublai Khan1 aBudge, E A Williams